| 000 | 00561nam a2200181 i 4500 | ||
|---|---|---|---|
| 001 | 146696 | ||
| 003 | ES-MaACL | ||
| 005 | 20230906201633.0 | ||
| 007 | t| | ||
| 008 | 070914s1973 sp ||||1| spa d | ||
| 100 | 1 |
_aTremillon, Bernard. _9202028 |
|
| 245 | 1 | 3 |
_aLa química en los disolventes no acuosos / _cBernard Tremillon ; [traducido por Juan Miró Ametller]. |
| 260 |
_aBarcelona : _bBellaterra, _c[1973] |
||
| 300 |
_aXI, 204 p. ; _c18 cm. |
||
| 700 | 1 |
_aMiró Ametller, Juan. _981610 |
|
| 852 |
_aES-MaACL _jC-55536 _bR.88196 |
||
| 999 |
_c146696 _d146696 |
||